| 000 | 01886cam a22003615a 4500 | ||
|---|---|---|---|
| 999 |
_c26996 _d26968 |
||
| 001 | 014395724 | ||
| 003 | Uk | ||
| 005 | 20181114153425.0 | ||
| 008 | 070302s1984 ilu frb 000 0 eng d | ||
| 020 | _a0252724216 | ||
| 020 | _a9780252724213 | ||
| 040 |
_aUk _beng _cUk _dEG-ScBUE _dEG-ScBUE |
||
| 082 | 0 | 4 |
_a070.1 _bSIE _222 |
| 100 | 1 |
_aSiebert, Fred S. _q(Fred Seaton), _d1902?-1982. _941934 |
|
| 245 | 1 | 0 |
_aFour theories of the press : _b the authoritarian, libertarian, social responsibility, and Soviet communist concepts of what the press should be and do / _cFred S. Siebert, Theodore Peterson, Wilbur Schramm. |
| 260 |
_aUrbana : _bUniversity of Illinois Pres, _c1984. |
||
| 300 |
_a153 p. ; _c22 cm. |
||
| 490 | 0 |
_aIllini book ; _vIB-15. |
|
| 500 | _a"These essays were prepared in connection with a study of the social responsibilities of mass communicators which Dr. Schramm is conducting for the Department of the Church and Economic Life of the National Council of Churches"--Leaf following title page. | ||
| 500 | _a"Originally published in a clothbound edition, 1956"--Title page verso. | ||
| 504 | _aIncludes bibliographical references. | ||
| 505 | 0 | _aThe authoritarian theory / Fred S. Siebert -- The libertarian theory / Fred S. Siebert -- The social responsibility theory / Theodore Peterson -- The Soviet communist theory / Wilbur Schramm. | |
| 520 | _a"Essays prepared in connection with a study of the social responsibilities of mass communicators, being conducted for the Department of the Church and Economic Life of the National Council of Churches." | ||
| 650 | 7 |
_aPress. _2BUEsh |
|
| 650 | 7 |
_aJournalism. _2BUEsh _937800 |
|
| 650 | 7 |
_aCommunication. _2BUEsh |
|
| 651 | _2BUEsh | ||
| 653 |
_bCOMAME _cNovember2018 |
||
| 655 | _vReading book | ||
| 700 | 1 |
_aPeterson, Theodore, _d1918- |
|
| 700 | 1 |
_aSchramm, Wilbur, _d1907-1987. |
|
| 942 | _2ddc | ||